| 000 | 00540nam a2200133Ia 4500 | ||
|---|---|---|---|
| 008 | 170516s9999 xx 000 0 und d | ||
| 245 | _aEvaluation of Clinical Alvarado Scoring System and CT Criteria in the Diagnosis of Acute Appendicitis, Idil Gunes Tatar, Kerim Bora Yilmaz, Alpaslan Sahin, Hasan Aydin, Melih Akinci, and Baki Hekimoglu | ||
| 260 | _bRadiology Research and Practice | ||
| 260 | _c2017 | ||
| 300 | _a: | ||
| 650 | _xRadiologic Technology | ||
| 650 | _xRadtech | ||
| 856 | _uhttps://www.hindawi.com/journals/rrp/contents/ | ||
| 999 |
_c332402 _d332402 |
||